The Comptroller & Auditor General of India: (Record no. 14019)

MARC details
000 -LEADER
fixed length control field 01169nam a22002537a 4500
005 - DATE AND TIME OF LATEST TRANSACTION
control field 20080626103726.0
008 - FIXED-LENGTH DATA ELEMENTS--GENERAL INFORMATION
fixed length control field 080618t xxu||||| |||| 00| 0 eng d
010 ## - LIBRARY OF CONGRESS CONTROL NUMBER
LC control number ENG-90426-27
020 ## - INTERNATIONAL STANDARD BOOK NUMBER
Terms of availability 1500.00 (set)
International Standard Book Number 8131304068 (set)
035 ## - SYSTEM CONTROL NUMBER
System control number EN-73959-60
037 ## - SOURCE OF ACQUISITION
Source of stock number/acquisition DBAD / PUB
040 ## - CATALOGING SOURCE
Original cataloging agency DPL
Language of cataloging EN
082 ## - DEWEY DECIMAL CLASSIFICATION NUMBER
Classification number 354.5400723
100 ## - MAIN ENTRY--PERSONAL NAME
Personal name Vijay Kumar
245 ## - TITLE STATEMENT
Title The Comptroller & Auditor General of India:
Statement of responsibility, etc by Vijay Kumar ; foreword by V.N. Kaul
Remainder of title a thematic history 1990-2007 /
260 ## - PUBLICATION, DISTRIBUTION, ETC. (IMPRINT)
Place of publication, distribution, etc New Delhi
Name of publisher, distributor, etc APH Publishing Corporation
Date of publication, distribution, etc 2008
260 ## - PUBLICATION, DISTRIBUTION, ETC. (IMPRINT)
Place of publication, distribution, etc
Name of publisher, distributor, etc
270 ## - ADDRESS
Address 4435-36/7, Ansri Road, Darya Ganj,
City New Delhi
Postal code 110002
300 ## - PHYSICAL DESCRIPTION
Extent 2v. (xxxiii, 465p. ; xiii, 466-910p.)
Dimensions 23 cm (Hb)
500 ## - GENERAL NOTE
General note Includes index
942 ## - ADDED ENTRY ELEMENTS (KOHA)
Koha item type English Books
Classification part 354.5400723
Source of classification or shelving scheme Dewey Decimal Classification
Call number suffix VIJ
Holdings
Withdrawn status Lost status Materials specified (bound volume or other part) Damaged status Not for loan Collection code Home library Current library Date acquired Source of acquisition Cost, normal purchase price Total Checkouts Full call number Barcode Date last seen Copy number Cost, replacement price Price effective from Koha item type
    v.1   Not For Loan Non-fiction D.B.Act.Division D.B.Act.Division 26/06/2008 DBAD / PUB 1500.00   354.5400723 VIJ EN-73959 15/09/2008 1 1500.00 15/09/2008 English Books
    v.2   Not For Loan Non-fiction D.B.Act.Division D.B.Act.Division 26/06/2008 DBAD / PUB 1500.00   354.5400723 VIJ EN-73960 15/09/2008 1 1500.00 15/09/2008 English Books

© Delhi Public Library
Hit Counter
free hit counter